500㎢以上の都道府県庁所在地-サドンデス- - Statistics

General Stats
  • This quiz has been taken 20 times
  • The average score is 11 of 22
Answers on the Grid
Answers color-coded by a green-red scale on the quiz's grid according to % correct below.
札幌市
青森市
盛岡市
秋田市
仙台市
山形市
福島市
水戸市
宇都宮市
前橋市
さいたま市
千葉市
新宿区
横浜市
新潟市
富山市
金沢市
福井市
甲府市
長野市
静岡市
名古屋市
岐阜市
津市
大津市
京都市
奈良市
和歌山市
大阪市
神戸市
鳥取市
松江市
岡山市
広島市
山口市
高松市
徳島市
高知市
松山市
福岡市
佐賀市
長崎市
熊本市
大分市
宮崎市
鹿児島市
那覇市
 
Answer Stats
Answer % Correct
札幌市
93%
静岡市
87%
仙台市
80%
盛岡市
60%
秋田市
60%
広島市
60%
福島市
53%
新潟市
53%
富山市
53%
長野市
53%
神戸市
53%
山口市
53%
鹿児島市
53%
青森市
47%
京都市
47%
津市
33%
岡山市
33%
宮崎市
33%
福井市
13%
鳥取市
13%
松江市
13%
大分市
13%
No matching quizzes found
Score Distribution
Percent of People with Each Score
Percentile by Number Answered
Your Score History
You have not taken this quiz